[Event "Aeroflot Open (B) 2003"]
[Site "?"]
[Date "2003.02.16"]
[Round "6"]
[White "Krolov, M."]
[Black "Seeman, Tarvo"]
[Result "1-0"]
[WhiteElo "2367"]
[BlackElo "2446"]
[PlyCount "71"]

1. c4 g6 2. Nc3 Bg7 3. d4 Nf6 4. Bg5 h6 5. Bh4 d6 6. e3 O-O 7. Be2 Nc6 8. Nf3
e6 9. Qc2 Ne7 10. O-O-O Nf5 11. Bd3 a6 12. Bxf6 Qxf6 13. h4 h5 14. Nh2 Nh6 15.
g4 hxg4 16. Rdg1 e5 17. Nd5 Qd8 18. dxe5 dxe5 19. f3 c6 20. Nc3 Qb6 21. Nd1
gxf3 22. h5 gxh5 23. Rg5 Bh3 24. Rhg1 Bg4 25. Nxg4 hxg4 26. Qh2 f6 27. Rxg7+
Kxg7 28. Rxg4+ Kf7 29. Qxh6 Ke6 30. Rg7 Rf7 31. Rxf7 Kxf7 32. Qh7+ Ke6 33. Bf5+
Kd6 34. Qd7+ Kc5 35. Qe7+ Kxc4 36. b3+ 1-0

[Event "Aeroflot Open (B) 2003"]
[Site "?"]
[Date "2003.02.16"]
[Round "6"]
[White "Mamedyarova, Z."]
[Black "Leito, Priit"]
[Result "0-1"]
[WhiteElo "2293"]
[BlackElo "2370"]
[PlyCount "72"]

1. c4 e5 2. Nc3 Nf6 3. g3 c6 4. Nf3 e4 5. Nd4 d5 6. cxd5 Qb6 7. e3 cxd5 8. Bg2
Nc6 9. Nxc6 bxc6 10. O-O Ba6 11. Re1 Bd6 12. f3 exf3 13. Qxf3 O-O 14. b3 Nd7
15. d4 Nf6 16. Bb2 Bd3 17. Rad1 Bg6 18. Bh3 Qc7 19. Rc1 Bb4 20. Bf5 Bxc3 21.
Bxc3 Bxf5 22. Qxf5 Rfe8 23. Qf4 Qd7 24. Kg2 Re4 25. Qf3 Rae8 26. Bd2 R4e6 27.
Bb4 Ne4 28. Qg4 h5 29. Qh3 Nf6 30. Bc5 Ng4 31. Kg1 Rxe3 32. Rxe3 Rxe3 33. Qxh5
Qe6 34. Qh3 Re2 35. Rf1 Qe3+ 36. Kh1 Qd2 0-1

[Event "Aeroflot Open (B) 2003"]
[Site "?"]
[Date "2003.02.16"]
[Round "6"]
[White "Kusubov, Y."]
[Black "Bashkite, Viktoria"]
[Result "1-0"]
[WhiteElo "2283"]
[BlackElo "2136"]
[PlyCount "65"]

1. d4 Nf6 2. c4 e6 3. Nc3 Bb4 4. e3 b6 5. Nge2 Ne4 6. f3 Nxc3 7. bxc3 Be7 8. e4
Nc6 9. Ng3 Na5 10. Bd3 Ba6 11. Qe2 Bh4 12. O-O Bxg3 13. hxg3 d6 14. f4 Qd7 15.
f5 e5 16. f6 g6 17. Bh6 O-O-O 18. c5 Bxd3 19. Qxd3 dxc5 20. Qa6+ Kb8 21. Rab1
Ka8 22. dxc5 Qd3 23. Rb5 Nc4 24. c6 Rb8 25. Rb4 Nb2 26. c4 Qc3 27. Qb5 Nd3 28.
Rb3 Qd4+ 29. Kh2 Rbd8 30. Ra3 Nc5 31. Be3 Qd6 32. Bxc5 Qxc5 33. Qa6 1-0

[Event "Aeroflot Open (B) 2003"]
[Site "?"]
[Date "2003.02.17"]
[Round "7"]
[White "Shibajev, A."]
[Black "Seeman, Tarvo"]
[Result "0-1"]
[WhiteElo "2325"]
[BlackElo "2446"]
[PlyCount "68"]

1. d4 Nf6 2. Nc3 d5 3. Bg5 Nbd7 4. Nf3 h6 5. Bh4 c6 6. e3 e6 7. Bd3 Be7 8. Qe2
b5 9. a3 Bb7 10. e4 a6 11. e5 Nh5 12. Bxe7 Qxe7 13. O-O Nf4 14. Qe3 Nxd3 15.
Qxd3 c5 16. Ne2 cxd4 17. Nexd4 O-O 18. Rfe1 Rfc8 19. b4 Rc7 20. c3 Rac8 21.
Rac1 Nb6 22. Rc2 Na4 23. Rec1 Bc6 24. Nd2 f6 25. N2f3 Be8 26. exf6 Qxf6 27. Qe3
Bg6 28. Re2 Be4 29. Nd2 Rxc3 30. Rxc3 Rxc3 31. Nxe4 dxe4 32. Qxe4 Rc1+ 33. Re1
Rxe1+ 34. Qxe1 Qxd4 0-1

[Event "Aeroflot Open 2003"]
[Site "?"]
[Date "2003.02.17"]
[Round "7"]
[White "Ehlvest, Jaan"]
[Black "Kovchan, A."]
[Result "1/2-1/2"]
[WhiteElo "2600"]
[BlackElo "2536"]
[PlyCount "98"]

1. e4 c5 2. Nf3 d6 3. Bb5+ Nc6 4. O-O Bd7 5. Re1 Nf6 6. c3 a6 7. Bf1 Bg4 8. h3
Bh5 9. d3 e6 10. Nbd2 Be7 11. g4 Bg6 12. Nh4 Nd7 13. Nxg6 hxg6 14. f4 e5 15. f5
Nf8 16. Nf3 Qd7 17. d4 cxd4 18. cxd4 exd4 19. Bf4 g5 20. Bg3 Nh7 21. Nxd4 O-O
22. Nf3 Qc7 23. Qd2 Ne5 24. Nxe5 dxe5 25. Rac1 Bc5+ 26. Kg2 Qe7 27. Qc2 b6 28.
a3 a5 29. Bc4 Rad8 30. Red1 Nf6 31. Qe2 Bd4 32. Bb5 Rd6 33. h4 Nh7 34. Rh1 Rfd8
35. Rc2 Rh6 36. Qe1 Bc5 37. Bc4 Qb7 38. Bxe5 Rxh4 39. Kf3 Rxh1 40. Qxh1 b5 41.
Bxf7+ Qxf7 42. Rxc5 Qb3+ 43. Rc3 Qxb2 44. Qh2 Qb1 45. Qc2 Qf1+ 46. Qf2 Qh3+ 47.
Qg3 Qf1+ 48. Qf2 Qh3+ 49. Qg3 Qf1+ 1/2-1/2

[Event "Aeroflot Open 2003"]
[Site "?"]
[Date "2003.02.17"]
[Round "7"]
[White "Kuelaots, Kaido"]
[Black "Aleksejev, E."]
[Result "0-1"]
[WhiteElo "2516"]
[BlackElo "2614"]
[PlyCount "94"]

1. e4 c5 2. Nf3 d6 3. d4 cxd4 4. Nxd4 Nf6 5. Nc3 Nc6 6. Bg5 e6 7. Qd2 a6 8.
O-O-O Bd7 9. f3 Rc8 10. h4 Be7 11. g4 b5 12. Be3 O-O 13. g5 Nh5 14. Rg1 Nxd4
15. Bxd4 b4 16. Ne2 e5 17. Be3 Qc7 18. Kb1 Be6 19. f4 g6 20. Bg2 Bg4 21. Rde1
Rfe8 22. Bh1 Bxe2 23. Rxe2 exf4 24. Bxf4 Nxf4 25. Qxf4 Bf8 26. Rd2 a5 27. Rf1
Rcd8 28. Bf3 Bg7 29. Be2 Be5 30. Qf3 Rb8 31. Qb3 a4 32. Qd5 Re7 33. Bc4 Rc8 34.
Ba6 Rf8 35. Bc4 Bg3 36. h5 Re5 37. Qd3 Rxg5 38. hxg6 hxg6 39. Rg2 Kg7 40. Rfg1
Qc5 41. Bd5 Bf2 42. Rxg5 Bxg1 43. Qf1 Bd4 44. Rg3 Bf6 45. Rh3 Rc8 46. Qd1 a3
47. Bb3 Qe5 0-1

[Event "Aeroflot Open (B) 2003"]
[Site "?"]
[Date "2003.02.17"]
[Round "7"]
[White "Feoktistov, A."]
[Black "Kanep, Meelis"]
[Result "0-1"]
[WhiteElo "2400"]
[BlackElo "2445"]
[PlyCount "76"]

1. e4 c5 2. c3 b6 3. d4 Bb7 4. Bd3 Nf6 5. Nd2 cxd4 6. cxd4 Nc6 7. Ne2 e5 8. d5
Nb4 9. Bb1 a5 10. O-O Bc5 11. Nc4 d6 12. a3 Na6 13. Ng3 b5 14. Ne3 g6 15. Qf3
Bc8 16. Bd2 Nc7 17. Bd3 a4 18. h3 h5 19. Rac1 Bd7 20. Rc2 Nh7 21. Rfc1 Ng5 22.
Qe2 Bxh3 23. gxh3 Nxh3+ 24. Kf1 h4 25. Bxb5+ Kf8 26. Nh1 Nf4 27. Qc4 Qc8 28.
Ng2 Qh3 29. Bxf4 Qxh1+ 30. Ke2 Qxg2 31. Bxe5 Rh5 32. Bd4 Bxd4 33. Qxc7 Qxe4+
34. Kd1 Rxd5 35. Rd2 Rxb5 36. Qxd6+ Kg8 37. Qxd4 Qh1+ 38. Kc2 Rc8+ 0-1

[Event "Aeroflot Open (B) 2003"]
[Site "?"]
[Date "2003.02.17"]
[Round "7"]
[White "Leito, Priit"]
[Black "Maslak, K."]
[Result "0-1"]
[WhiteElo "2370"]
[BlackElo "2405"]
[PlyCount "104"]

1. e4 d6 2. d4 Nf6 3. Nc3 c6 4. g3 Nbd7 5. Bg2 e5 6. Nge2 b5 7. O-O Bb7 8. d5
cxd5 9. Nxd5 Nxd5 10. exd5 Be7 11. a4 bxa4 12. Rxa4 O-O 13. b3 Nc5 14. Ra1 Bg5
15. f4 exf4 16. Nxf4 Bf6 17. Rb1 a5 18. Be3 Qc7 19. Bd4 Bxd4+ 20. Qxd4 Nd7 21.
Rf2 Ne5 22. Nd3 Nxd3 23. Qxd3 Qc5 24. Re1 Rae8 25. Re4 g6 26. Qe2 Rxe4 27. Qxe4
Bc8 28. Qe7 Bg4 29. Kf1 Bd1 30. Qe4 Qb5+ 31. Kg1 Re8 32. Qd4 Re1+ 33. Rf1 Qe2
34. Qf4 f5 35. Qg5 Bxc2 36. h4 Kf7 37. Qd8 Rxf1+ 38. Bxf1 Qe3+ 39. Kh2 Be4 40.
Qd7+ Kg8 41. Qe6+ Kg7 42. Kh3 Kh6 43. Qf6 Bxd5 44. Qf8+ Kh5 45. Qxd6 Bf3 46.
Bg2 Qxb3 47. Qd2 h6 48. Qxa5 Bxg2+ 49. Kxg2 Kg4 50. Qe5 Qf3+ 51. Kh2 Qf2+ 52.
Kh1 Qf1+ 0-1

[Event "Aeroflot Open (B) 2003"]
[Site "?"]
[Date "2003.02.17"]
[Round "7"]
[White "Bashkite, Viktoria"]
[Black "Potapenko, A."]
[Result "1-0"]
[WhiteElo "2136"]
[BlackElo "2180"]
[PlyCount "55"]

1. c4 e5 2. Nc3 Nf6 3. e4 Nc6 4. Nf3 d6 5. h3 g6 6. d3 Bg7 7. Bg5 h6 8. Be3 O-O
9. Qd2 Kh7 10. Be2 a6 11. Nd5 Nxd5 12. cxd5 Nd4 13. Bxd4 exd4 14. Rc1 f5 15.
O-O c5 16. dxc6 bxc6 17. Rxc6 Bb7 18. Rc4 fxe4 19. dxe4 Bxe4 20. Nxd4 Bd5 21.
Ra4 Qe8 22. b3 Bb7 23. Bf3 Bxf3 24. Nxf3 Qc6 25. Qd3 Rf6 26. Rd1 a5 27. Qd5 Qc2
28. Rc4 1-0

[Event "Aeroflot Open 2003"]
[Site "?"]
[Date "2003.02.18"]
[Round "8"]
[White "Belov, V."]
[Black "Ehlvest, Jaan"]
[Result "1-0"]
[WhiteElo "2540"]
[BlackElo "2600"]
[PlyCount "55"]

1. d4 d5 2. c4 e6 3. Nc3 Bb4 4. e3 Nf6 5. a3 Bxc3+ 6. bxc3 c6 7. Bd3 O-O 8. Nf3
b6 9. O-O Ba6 10. Ne5 Qc7 11. a4 Nfd7 12. Nxd7 Qxd7 13. Qe2 Qb7 14. e4 Nd7 15.
Re1 Rac8 16. Ba3 Rfe8 17. Rad1 h6 18. cxd5 Bxd3 19. Rxd3 cxd5 20. e5 Qa6 21.
Bc1 h5 22. Qd1 Nf8 23. Rh3 g6 24. Bg5 Nh7 25. Bf6 Nxf6 26. exf6 b5 27. axb5 Qd6
28. Re5 1-0

[Event "Aeroflot Open 2003"]
[Site "?"]
[Date "2003.02.18"]
[Round "8"]
[White "Zhukova, Natalja"]
[Black "Kuelaots, Kaido"]
[Result "1/2-1/2"]
[WhiteElo "2430"]
[BlackElo "2516"]
[PlyCount "120"]

1. d4 Nf6 2. c4 e6 3. Nf3 d5 4. Nc3 dxc4 5. e4 Bb4 6. Bg5 c5 7. e5 h6 8. exf6
hxg5 9. fxg7 Rg8 10. dxc5 Qf6 11. Bxc4 Bxc3+ 12. bxc3 Qxc3+ 13. Nd2 Qe5+ 14.
Be2 Bd7 15. Rc1 Bb5 16. h4 Nc6 17. Nf3 Qxe2+ 18. Qxe2 Bxe2 19. Kxe2 gxh4 20.
Rxh4 f6 21. Nd2 O-O-O 22. Rh7 Rd7 23. Ne4 Rdxg7 24. Rch1 Nd8 25. Nxf6 Rxh7 26.
Rxh7 Rxg2 27. Ne4 Kb8 28. Nd6 Rg8 29. Rd7 b6 30. cxb6 axb6 31. a4 Rf8 32. Ke3
e5 33. Nc4 Nc6 34. Nxb6 Rf4 35. Rh7 Rb4 36. a5 Nxa5 37. Nd7+ Kc7 38. Nxe5+ Kd6
39. Nd3 Rb8 40. Rh6+ Ke7 41. Ne5 Rc8 42. Kd4 Nb3+ 43. Ke4 Nd2+ 44. Kd3 Nb3 45.
f4 Nc5+ 46. Ke3 Ra8 47. f5 Ra6 48. Nc6+ Kf8 49. Kd4 Nd7 50. Kd5 Ra1 51. Nd4 Kg7
52. Rg6+ Kf7 53. Rc6 Nf6+ 54. Kd6 Ne8+ 55. Ke5 Ra5+ 56. Kf4 Ra4 57. Ke3 Ra3+
58. Kf2 Rd3 59. Ne2 Rd5 60. Ng3 Nd6 1/2-1/2

[Event "Aeroflot Open (B) 2003"]
[Site "?"]
[Date "2003.02.18"]
[Round "8"]
[White "Kanep, Meelis"]
[Black "Boim, I."]
[Result "1-0"]
[WhiteElo "2445"]
[BlackElo "2382"]
[PlyCount "81"]

1. d4 d5 2. c4 e6 3. Nc3 Be7 4. Nf3 Nf6 5. Bg5 h6 6. Bh4 O-O 7. e3 Nbd7 8. Rc1
c6 9. Bd3 dxc4 10. Bxc4 c5 11. O-O a6 12. a4 cxd4 13. exd4 Nb6 14. Ba2 Nfd5 15.
Bxe7 Nxe7 16. Re1 Nbd5 17. Ne5 Nb4 18. Bb1 Rb8 19. Re3 f6 20. Ng4 Rf7 21. Rg3
Kh8 22. Ne3 f5 23. Nc4 Nec6 24. Qh5 Re7 25. Rd1 b5 26. axb5 axb5 27. Ne5 Nxe5
28. dxe5 Qe8 29. Qh4 Nc6 30. Ne2 Rd7 31. Re1 Qd8 32. Qxd8+ Rxd8 33. Nf4 Nxe5
34. h4 Ng4 35. Ng6+ Kh7 36. Ne7 Rd7 37. Nxc8 Nf6 38. Rc3 Nd5 39. Rc5 Rd8 40.
Na7 Rd6 41. Rxe6 1-0

[Event "Aeroflot Open (B) 2003"]
[Site "?"]
[Date "2003.02.18"]
[Round "8"]
[White "Seeman, Tarvo"]
[Black "Kachar, V."]
[Result "0-1"]
[WhiteElo "2446"]
[BlackElo "2364"]
[PlyCount "22"]

1. g3 d5 2. Nf3 Nf6 3. Bg2 Bf5 4. O-O e6 5. d3 Nc6 6. c4 Be7 7. cxd5 exd5 8. a3
O-O 9. b4 Re8 10. Bb2 Qd7 11. Nbd2 Bh3 0-1

[Event "Aeroflot Open (B) 2003"]
[Site "?"]
[Date "2003.02.18"]
[Round "8"]
[White "Franchini, G."]
[Black "Leito, Priit"]
[Result "0-1"]
[WhiteElo "2148"]
[BlackElo "2370"]
[PlyCount "66"]

1. d4 d5 2. c4 e6 3. Nc3 c5 4. cxd5 cxd4 5. Qa4+ Bd7 6. Qxd4 exd5 7. Qxd5 Nc6
8. Qd1 Nf6 9. Nf3 Bc5 10. e3 Qe7 11. Be2 O-O-O 12. O-O g5 13. b4 Bxb4 14. Bb2
g4 15. Nd4 Kb8 16. Qc2 Nxd4 17. exd4 Bxc3 18. Bxc3 Rc8 19. Rfe1 Qd6 20. Qd3 Nd5
21. Bd2 f5 22. Bf1 Rhe8 23. Qb3 Rxe1 24. Rxe1 Re8 25. Rxe8+ Bxe8 26. Qc2 Bd7
27. Qc5 Qxc5 28. dxc5 Kc7 29. Bh6 Be6 30. Bf8 Kc6 31. f3 gxf3 32. gxf3 Nf6 33.
a4 a6 0-1

[Event "Aeroflot Open (B) 2003"]
[Site "?"]
[Date "2003.02.18"]
[Round "8"]
[White "Bashkite, Viktoria"]
[Black "Li, G."]
[Result "1-0"]
[WhiteElo "2136"]
[BlackElo "2247"]
[PlyCount "41"]

1. e4 e5 2. Nf3 Nc6 3. d4 exd4 4. Nxd4 Bc5 5. Nxc6 Qf6 6. Qd2 bxc6 7. Bd3 Ne7
8. Qf4 d6 9. Qxf6 gxf6 10. Nc3 Rg8 11. g3 f5 12. Bd2 Rb8 13. O-O-O Bxf2 14.
Rhf1 Bd4 15. exf5 Bf6 16. Rde1 Kd8 17. b3 d5 18. Ne2 a5 19. Nf4 Bd7 20. Ne6+
fxe6 21. fxe6 1-0

[Event "Aeroflot Open 2003"]
[Site "?"]
[Date "2003.02.19"]
[Round "9"]
[White "Kuelaots, Kaido"]
[Black "Petrosjan, T."]
[Result "1/2-1/2"]
[WhiteElo "2516"]
[BlackElo "2419"]
[PlyCount "99"]

1. e4 c5 2. Nf3 d6 3. d4 cxd4 4. Nxd4 Nf6 5. Nc3 g6 6. Be3 Bg7 7. f3 O-O 8. Qd2
Nc6 9. Bc4 Bd7 10. O-O-O Rc8 11. Bb3 Ne5 12. Kb1 a5 13. a4 Nc4 14. Bxc4 Rxc4
15. b3 Rc8 16. Ndb5 h5 17. h3 Ne8 18. g4 h4 19. Bd4 Bxb5 20. Nxb5 Bxd4 21. Nxd4
Qb6 22. Rhg1 Qc5 23. Rg2 Nc7 24. Nf5 Rfe8 25. Qh6 Qe5 26. f4 Qh8 27. Qxh8+ Kxh8
28. Nxh4 b5 29. axb5 Nxb5 30. Kb2 a4 31. bxa4 Nc3 32. Rd4 Rc5 33. Rb4 Nd1+ 34.
Kc1 Nc3 35. Kd2 Rec8 36. Rg3 Na2 37. Rb2 Nc3 38. Rb4 Nxa4 39. Rxa4 Rxc2+ 40.
Kd1 Rc1+ 41. Kd2 R8c2+ 42. Kd3 Rc3+ 43. Kd2 R1c2+ 44. Kd1 Rc1+ 45. Kd2 Rxg3 46.
Kxc1 Rxh3 47. Nxg6+ fxg6 48. Ra7 Rh4 49. Rxe7 Rxg4 50. f5 1/2-1/2

[Event "Aeroflot Open (B) 2003"]
[Site "?"]
[Date "2003.02.19"]
[Round "9"]
[White "Leito, Priit"]
[Black "Juferov, S."]
[Result "1-0"]
[WhiteElo "2370"]
[BlackElo "2407"]
[PlyCount "75"]

1. e4 c5 2. Nf3 d6 3. d4 cxd4 4. Nxd4 Nf6 5. Nc3 a6 6. Rg1 Nc6 7. g4 Qb6 8. Nb3
h6 9. Be3 Qc7 10. h4 e6 11. g5 hxg5 12. hxg5 Nd7 13. g6 Nde5 14. gxf7+ Qxf7 15.
f4 Ng6 16. Qd2 Bd7 17. O-O-O O-O-O 18. Na4 Kb8 19. Na5 Be7 20. Nxb7 Kxb7 21.
Bxa6+ Kc7 22. Bb6+ Kb8 23. Qd3 Bc8 24. Bxd8 Nxd8 25. Bxc8 Kxc8 26. Qa6+ Kc7 27.
Qb6+ Kd7 28. Qb5+ Kc7 29. f5 Ne5 30. Rg3 Ndc6 31. Qb6+ Kc8 32. Nc3 exf5 33. Nb5
Kd7 34. Qc7+ Ke8 35. Nxd6+ Bxd6 36. Qxd6 Rh2 37. Ra3 Qc4 38. Ra8+ 1-0

[Event "Aeroflot Open (B) 2003"]
[Site "?"]
[Date "2003.02.19"]
[Round "9"]
[White "Kuzin, A."]
[Black "Bashkite, Viktoria"]
[Result "1/2-1/2"]
[WhiteElo "2250"]
[BlackElo "2136"]
[PlyCount "85"]

1. e4 d6 2. Bc4 Nf6 3. Nc3 e5 4. d3 Be7 5. f4 Nc6 6. Nf3 exf4 7. Bxf4 Na5 8.
Bb3 Nxb3 9. axb3 Bg4 10. O-O a6 11. h3 Bh5 12. Qd2 Bxf3 13. Rxf3 Qd7 14. b4 O-O
15. Bg5 Ne8 16. Nd5 Bxg5 17. Qxg5 Qd8 18. Qg3 c6 19. Ne3 Qb6 20. c3 Kh8 21.
Raf1 f6 22. Kh1 Qb5 23. Nf5 Qe5 24. Qg4 a5 25. bxa5 Rxa5 26. Nd4 Qe7 27. Ne6
Rg8 28. d4 Nc7 29. Rf5 Ra2 30. Nxc7 Qxc7 31. Qe2 Qb6 32. R1f2 Qb3 33. h4 b5 34.
Qd2 Ra1+ 35. Kh2 Rd1 36. Qf4 Qe6 37. h5 Re1 38. d5 cxd5 39. exd5 Qe4 40. Qxe4
Rxe4 41. Kg3 h6 42. R2f4 Rge8 43. Rxe4 1/2-1/2